| 000 | 01362cam a2200337Li 4500 | ||
|---|---|---|---|
| 001 | ocn495264526 | ||
| 003 | TZ-ArACH | ||
| 005 | 2010122006136.0 | ||
| 008 | 091027t20092009fr f pb 001 0 fre d | ||
| 020 | _a9782247084630 (br) | ||
| 035 | _a(OCoLC)495264526 | ||
| 040 |
_aZWZ _encafnor _bfre _cTZ-ArACH |
||
| 049 | _aTZAA | ||
| 050 | 4 | _aKJV450 .B450 | |
| 082 | 0 | 4 |
_a346 _222 |
| 084 |
_aKA.1. _2local_cujas |
||
| 084 |
_a346. _2dewbsg |
||
| 100 | 1 |
_aBuffelan-Lanore, Yvaine. _eAuteur. _9324 |
|
| 245 | 1 | 0 |
_aDroit civil _h[Texte imprimé] : introduction, biens, personnes, famille / _cYvaine Buffelan-Lanore,... Virginie Larribau-Terneyre,.... |
| 250 |
_a16e édition. _b2009. |
||
| 260 |
_aParis : _bSirey, _cimpr. 2009. |
||
| 300 |
_a1 vol. (VI-974 p.) ; _c24 cm. |
||
| 504 | _aNotes bibliogr. Index. | ||
| 650 | 7 |
_aDroit civil _zFrance _xManuels d'enseignement supérieur. _2ram _9325 |
|
| 650 | 7 |
_aPersonnes (droit) _zFrance _xManuels d'enseignement supérieur. _2ram _9326 |
|
| 650 | 7 |
_aBiens (droit) _zFrance _xManuels d'enseignement supérieur. _2ram _9327 |
|
| 650 | 7 |
_aFamille _xDroit _zFrance _xManuels d'enseignement supérieur. _2ram _9328 |
|
| 700 | 1 |
_aLarribau-Terneyre, Virginie _d(1957-....). _eAuteur. _9329 |
|
| 942 |
_2lcc _cBOOK |
||
| 999 |
_c1109 _d1109 |
||